[Event "CAN-ch U20 inv."]
[Site "Toronto CAN"]
[Date "2018.08.10"]
[Round "4.1"]
[White "Qiao, Cindy"]
[Black "Tian, Sherry"]
[Result "1/2-1/2"]
[WhiteElo "2016"]
[BlackElo "2028"]
[PlyCount "125"]
[EventDate "2018.08.08"]
[EventType "tourn"]
[EventRounds "9"]
[EventCountry "CAN"]

1. e4 e6 2. d3 d5 3. Nd2 c5 4. Ngf3 Nc6 5. g3 g6 6. Bg2 Bg7 7. O-O Nge7 8. Re1
O-O 9. Rb1 b6 10. c3 Ba6 11. Bf1 Qd7 12. Qa4 Bb7 13. Bg2 Rfd8 14. Bh3 Nd4 15.
Qxd7 Nxf3+ 16. Nxf3 Rxd7 17. Bf4 Ba6 18. Bf1 Rad8 19. e5 Nc6 20. Rbd1 Kf8 21.
Bh3 Rb7 22. Bf1 Rbb8 23. Rc1 Ke8 24. Rcd1 Rd7 25. Rd2 Bb7 26. Bg2 Ne7 27. Rdd1
Rc8 28. Rc1 Ba6 29. Bf1 Rdc7 30. Rcd1 c4 31. d4 Rb8 32. Bd2 Bc8 33. Be2 b5 34.
Rb1 Rcb7 35. Red1 a5 36. a3 Nc6 37. b4 axb4 38. axb4 Ra7 39. Rb2 Rba8 40. Rdb1
Nb8 41. Ne1 Nd7 42. f4 Ra1 43. Rxa1 Rxa1 44. Kg2 Nb6 45. Nc2 Ra8 46. Ne1 Kf8
47. Kf2 Kg8 48. Kg2 h6 49. Kf2 Kh7 50. Kg2 Bd7 51. Kf2 Bf8 52. Kg2 Be7 53. Nf3
Ra3 54. h4 Na4 55. Rc2 Bd8 56. Kf2 Kg7 57. Kg2 Ra1 58. Kf2 Rb1 59. Kg2 Bc8 60.
Kf2 Bb7 61. Kg2 Bb6 62. Kf2 Rb3 63. Kg2 1/2-1/2

[Event "CAN-ch U20 inv."]
[Site "Toronto CAN"]
[Date "2018.08.10"]
[Round "4.3"]
[White "Wang, Constance"]
[Black "Hua, Eugene"]
[Result "0-1"]
[WhiteElo "2044"]
[BlackElo "2446"]
[PlyCount "84"]
[EventDate "2018.08.08"]
[EventType "tourn"]
[EventRounds "9"]
[EventCountry "CAN"]

1. e4 c5 2. Nf3 d6 3. d4 cxd4 4. Nxd4 Nf6 5. Nc3 Nc6 6. Bg5 e6 7. Qd2 a6 8.
O-O-O Bd7 9. f4 b5 10. Nxc6 Bxc6 11. a3 Qc7 12. Bxf6 gxf6 13. f5 O-O-O 14. Be2
h5 15. Qd4 Be7 16. Bf3 Bb7 17. Kb1 Qc5 18. Qd3 Kb8 19. Qe2 h4 20. Bg4 Qe5 21.
Qf3 a5 22. a4 b4 23. Nb5 Bxe4 24. Qf2 Qc5 25. Qe2 d5 26. Nd4 e5 27. Nb3 Qc6 28.
Nxa5 Qxa4 29. Nb3 Rc8 30. Rd2 Kb7 31. Bf3 Bxf3 32. Qxf3 e4 33. Qe3 Rhd8 34.
Rhd1 Qb5 35. Rd4 Rc7 36. Qd2 Rcd7 37. Qf2 Ka8 38. Qxh4 Ra7 39. Qe1 Qa4 40. Qd2
Qa2+ 41. Kc1 Qa1+ 42. Nxa1 Rxa1# 0-1

[Event "CAN-ch U20 inv."]
[Site "Toronto CAN"]
[Date "2018.08.10"]
[Round "5.2"]
[White "Zhu, Brandon"]
[Black "Nasir, Zehn"]
[Result "0-1"]
[WhiteElo "2149"]
[BlackElo "2306"]
[PlyCount "110"]
[EventDate "2018.08.08"]
[EventType "tourn"]
[EventRounds "9"]
[EventCountry "CAN"]

1. d4 Nf6 2. c4 c5 3. d5 e6 4. Nc3 exd5 5. cxd5 d6 6. e4 g6 7. f4 Bg7 8. Bb5+
Nfd7 9. Nf3 O-O 10. O-O Na6 11. Kh1 Nc7 12. Bd3 a6 13. a4 Nf6 14. h3 Re8 15.
Qc2 Bd7 16. e5 dxe5 17. d6 Ncd5 18. fxe5 Nb4 19. Qd1 Nh5 20. Re1 Nxd3 21. Qxd3
Bc6 22. Nd5 c4 23. Qxc4 Qa5 24. Ne7+ Rxe7 25. Bd2 Qb6 26. Be3 Qd8 27. dxe7 Qxe7
28. Bc5 Qc7 29. Bd6 Qd7 30. Qg4 Qd8 31. Ng5 Qb6 32. e6 f5 33. Qe2 Bxg2+ 34.
Qxg2 Qxd6 35. Ra3 Re8 36. Qxb7 Re7 37. Qa8+ Bf8 38. Qf3 Qd2 39. Rg1 f4 40. Qxh5
Qxb2 41. Qf3 Rc7 42. Qb3 Qxa3 43. Qd5 Qc5 44. Qd8 Qc6+ 45. Kh2 Re7 46. Qd3 Qxa4
47. h4 f3 48. Nxf3 Qf4+ 49. Kh3 Rxe6 50. Qd5 Qe4 51. Qb3 Qf5+ 52. Kg2 Kh8 53.
Rd1 Qg4+ 54. Kf1 Qh3+ 55. Kf2 Bc5+ 0-1

[Event "CAN-ch U20 inv."]
[Site "Toronto CAN"]
[Date "2018.08.10"]
[Round "5.5"]
[White "Tian, Sherry"]
[Black "Liang, Hairan"]
[Result "0-1"]
[WhiteElo "2028"]
[BlackElo "2228"]
[PlyCount "86"]
[EventDate "2018.08.08"]
[EventType "tourn"]
[EventRounds "9"]
[EventCountry "CAN"]

1. d4 Nf6 2. Nf3 e6 3. g3 d5 4. Bg2 Be7 5. c4 O-O 6. Nc3 Nbd7 7. Qb3 c6 8. O-O
b6 9. Bg5 Bb7 10. Rfd1 Rc8 11. Rac1 a6 12. cxd5 cxd5 13. a4 h6 14. Bxf6 Bxf6
15. Na2 Qe7 16. Nb4 a5 17. Nd3 Ba6 18. Nfe5 Bxe5 19. dxe5 Bxd3 20. Rxc8 Rxc8
21. exd3 Qb4 22. Qxb4 axb4 23. f4 Rc2 24. Ra1 Nc5 25. d4 Nb3 26. Rd1 Rxb2 27.
f5 Rc2 28. Bh3 exf5 29. Bxf5 Rc4 30. e6 Kf8 31. Re1 fxe6 32. Bxe6 Rxd4 33. Re5
Ke7 34. Re3 Kd6 35. Rxb3 Kxe6 36. Kf2 Kd6 37. Ke3 Kc5 38. Rb1 Rc4 39. Kd3 Rc3+
40. Kd2 Kc4 41. Rf1 b3 42. Rf7 b2 43. Rc7+ Kd4 0-1

[Event "CAN-ch U20 inv."]
[Site "Toronto CAN"]
[Date "2018.08.11"]
[Round "6.1"]
[White "Qiao, Cindy"]
[Black "Liang, Hairan"]
[Result "0-1"]
[WhiteElo "2016"]
[BlackElo "2286"]
[PlyCount "64"]
[EventDate "2018.08.08"]
[EventType "tourn"]
[EventRounds "9"]
[EventCountry "CAN"]

1. e4 c5 2. Nf3 Nc6 3. Bb5 e6 4. Bxc6 bxc6 5. d3 Ne7 6. Qe2 Qc7 7. O-O Ng6 8.
Re1 Be7 9. b3 e5 10. Be3 O-O 11. Nc3 d6 12. h3 f5 13. Kh2 fxe4 14. dxe4 Nf4 15.
Qd1 Bd7 16. Ng1 Ne6 17. Qd2 Rf7 18. Rad1 Raf8 19. Nce2 Bc8 20. Ng3 g6 21. N3e2
Bb7 22. c4 Nf4 23. Nc3 Qc8 24. Qc2 Kh8 25. Rd2 Ne6 26. Nf3 Rxf3 27. gxf3 Rxf3
28. Qd1 Nd4 29. Bxd4 Qxh3+ 30. Kg1 cxd4 31. Ne2 Bh4 32. Nc1 Bxf2+ 0-1

[Event "CAN-ch U20 inv."]
[Site "Toronto CAN"]
[Date "2018.08.11"]
[Round "6.2"]
[White "Wang, Constance"]
[Black "Tian, Sherry"]
[Result "0-1"]
[WhiteElo "2044"]
[BlackElo "2028"]
[PlyCount "90"]
[EventDate "2018.08.08"]
[EventType "tourn"]
[EventRounds "9"]
[EventCountry "CAN"]

1. e4 e6 2. d4 d5 3. e5 c5 4. c3 Nc6 5. Nf3 Bd7 6. Be2 Qb6 7. O-O Nge7 8. Na3
a6 9. dxc5 Qc7 10. Be3 Nxe5 11. Nxe5 Qxe5 12. Qd2 Qc7 13. b4 Nf5 14. Bg4 Nxe3
15. Qxe3 Be7 16. c4 dxc4 17. Nxc4 Bc6 18. a4 O-O 19. Nb6 Rad8 20. Rab1 Kh8 21.
Rfc1 h6 22. Rd1 Rxd1+ 23. Rxd1 Rd8 24. h3 Rxd1+ 25. Bxd1 Kg8 26. Bf3 Bxf3 27.
Qxf3 a5 28. Nc4 axb4 29. Nd6 Bxd6 30. cxd6 Qxd6 31. Qb3 Qc5 32. Kf1 Qd5 33.
Qxb4 Qd1+ 34. Qe1 Qxe1+ 35. Kxe1 Kf8 36. Kd2 Ke7 37. Kc3 Kd6 38. Kc4 Kc6 39. h4
h5 40. f3 f6 41. g4 g6 42. gxh5 gxh5 43. Kd4 Kb6 44. f4 Ka5 45. Kc5 Kxa4 0-1

[Event "CAN-ch U20 inv."]
[Site "Toronto CAN"]
[Date "2018.08.11"]
[Round "6.4"]
[White "Nasir, Zehn"]
[Black "Hua, Eugene"]
[Result "0-1"]
[WhiteElo "2306"]
[BlackElo "2446"]
[PlyCount "68"]
[EventDate "2018.08.08"]
[EventType "tourn"]
[EventRounds "9"]
[EventCountry "CAN"]

1. e4 c5 2. Nf3 d6 3. d4 cxd4 4. Nxd4 Nf6 5. Nc3 Nc6 6. h3 e5 7. Nde2 Be6 8.
Bg5 Be7 9. Bxf6 Bxf6 10. g3 O-O 11. Bg2 Rc8 12. O-O Qb6 13. b3 Nd4 14. Qd3 Qc5
15. Rac1 Nxe2+ 16. Nxe2 Bg5 17. Rce1 Qxc2 18. Qxd6 Qxa2 19. Qxe5 Bf6 20. Qf4
Qa5 21. Nc1 Bg5 22. Qf3 Rc3 23. Qh5 g6 24. Qe2 Rd8 25. f4 Rxg3 26. Kh2 Bh4 27.
Rd1 Rxd1 28. Rxd1 Qc3 29. Nd3 Bxb3 30. Rd2 Bc4 31. Bf1 Qd4 32. Nf2 Bxe2 33.
Rxd4 Bxf1 34. e5 Rg2+ 0-1

[Event "CAN-ch U20 inv."]
[Site "Toronto CAN"]
[Date "2018.08.11"]
[Round "7.1"]
[White "Zhu, Brandon"]
[Black "Qiao, Cindy"]
[Result "1/2-1/2"]
[WhiteElo "2149"]
[BlackElo "2016"]
[PlyCount "144"]
[EventDate "2018.08.08"]
[EventType "tourn"]
[EventRounds "9"]
[EventCountry "CAN"]

1. e3 d5 2. c4 e6 3. Nf3 Nf6 4. b3 Nbd7 5. Bb2 Be7 6. Qc2 c6 7. Nc3 Qa5 8. a3
dxc4 9. bxc4 e5 10. Be2 b6 11. O-O Bb7 12. Rfd1 O-O 13. d4 exd4 14. exd4 Rac8
15. Rd2 Rfd8 16. Rad1 Nf8 17. Ne5 Ng6 18. Nxg6 hxg6 19. Bf3 Rd7 20. Na4 b5 21.
Nc5 Bxc5 22. dxc5 Rxd2 23. Qxd2 Qxd2 24. Rxd2 bxc4 25. Kf1 Nd5 26. Rc2 Ba6 27.
Be2 Rb8 28. Bc1 Rb3 29. Bxc4 Bxc4+ 30. Rxc4 Kf8 31. Ke1 Ke7 32. Ra4 Rc3 33.
Rxa7+ Kf8 34. Bg5 f6 35. Bd2 Rxc5 36. Ke2 Ne7 37. Kd3 Rd5+ 38. Kc2 Kf7 39. Bb4
c5 40. Bd2 Ke6 41. Kc3 Rd4 42. Kc2 Rd5 43. a4 Nf5 44. Kc3 Nd6 45. f3 c4 46.
Rxg7 Rd3+ 47. Kc2 Nf5 48. Rc7 Nd4+ 49. Kd1 Nb3 50. Rxc4 Rxd2+ 51. Ke1 Rxg2 52.
Rg4 Rxg4 53. fxg4 Ke5 54. Kf2 Kf4 55. h3 Na5 56. Kg2 Nc4 57. Kf2 Na5 58. Kg2 g5
59. Kf2 Nc6 60. Kg2 Na5 61. Kf2 Nb3 62. Kg2 Nc5 63. a5 Ke3 64. Kg3 Ne4+ 65. Kh2
Nc5 66. Kg3 Ke4 67. h4 gxh4+ 68. Kxh4 Kf4 69. Kh5 Na6 70. Kg6 Ke5 71. g5 fxg5
72. Kxg5 Kd5 1/2-1/2

[Event "CAN-ch U20 inv."]
[Site "Toronto CAN"]
[Date "2018.08.11"]
[Round "7.5"]
[White "Liang, Hairan"]
[Black "Wang, Constance"]
[Result "1-0"]
[WhiteElo "2286"]
[BlackElo "2044"]
[PlyCount "93"]
[EventDate "2018.08.08"]
[EventType "tourn"]
[EventRounds "9"]
[EventCountry "CAN"]

1. e4 c5 2. Nf3 d6 3. Bb5+ Bd7 4. Bxd7+ Qxd7 5. c4 Nf6 6. Nc3 g6 7. d4 cxd4 8.
Nxd4 Bg7 9. f3 O-O 10. Be3 Rc8 11. b3 Nc6 12. O-O Qd8 13. Qd2 Nxd4 14. Bxd4 Qa5
15. Rac1 Rc6 16. Rfd1 e6 17. Be3 a6 18. a4 Ne8 19. Ne2 Qxd2 20. Rxd2 Rac8 21.
Rcd1 h5 22. Bf4 Rb6 23. Rd3 Kh7 24. a5 Rbc6 25. Bxd6 Nxd6 26. Rxd6 Rxd6 27.
Rxd6 Rc7 28. Kf2 Bf8 29. Rd1 Bc5+ 30. Kg3 Bb4 31. Kf4 Bxa5 32. e5 Rc5 33. Rd7
Bc7 34. Rxf7+ Kh6 35. Ke4 Rxe5+ 36. Kd3 Bb6 37. Nc3 Re3+ 38. Kd2 Bd4 39. Ne2
Bb6 40. Nc1 Re5 41. Rxb7 Bg1 42. h4 Bh2 43. Ne2 Rf5 44. Rb6 Bf4+ 45. Kd3 Bc7
46. Rxa6 Rf6 47. b4 1-0

[Event "CAN-ch U20 inv."]
[Site "Toronto CAN"]
[Date "2018.08.12"]
[Round "8.2"]
[White "Qiao, Cindy"]
[Black "Wang, Constance"]
[Result "1-0"]
[WhiteElo "2016"]
[BlackElo "2044"]
[PlyCount "73"]
[EventDate "2018.08.08"]
[EventType "tourn"]
[EventRounds "9"]
[EventCountry "CAN"]

1. e4 c5 2. Nf3 d6 3. d4 cxd4 4. Qxd4 Nc6 5. Bb5 Bd7 6. Bxc6 Bxc6 7. Nc3 Nf6 8.
Bg5 e6 9. O-O-O Be7 10. Qd3 O-O 11. Nd4 Qa5 12. f4 Rfe8 13. Kb1 a6 14. h4 d5
15. Bxf6 Bxf6 16. e5 Be7 17. f5 Bb4 18. Nce2 Bb5 19. Qg3 Bc4 20. Nb3 Qc7 21. f6
g6 22. Ned4 a5 23. h5 a4 24. hxg6 fxg6 25. Qh3 axb3 26. cxb3 Bxb3 27. axb3 Ra6
28. Rdf1 Qf7 29. Nf3 Rea8 30. Ng5 Ra1+ 31. Kc2 Qc7+ 32. Kd3 Rxf1 33. Rxf1 h5
34. f7+ Kh8 35. Qxe6 Qc6 36. Qxc6 bxc6 37. Ne6 1-0

[Event "CAN-ch U20 inv."]
[Site "Toronto CAN"]
[Date "2018.08.11"]
[Round "8.3"]
[White "Nasir, Zehn"]
[Black "Tian, Sherry"]
[Result "1/2-1/2"]
[WhiteElo "2306"]
[BlackElo "2028"]
[PlyCount "130"]
[EventDate "2018.08.08"]
[EventType "tourn"]
[EventRounds "9"]
[EventCountry "CAN"]

1. e4 e6 2. d4 d5 3. Nd2 c5 4. exd5 Qxd5 5. dxc5 Qxc5 6. Ngf3 Nf6 7. Bd3 Be7 8.
O-O Bd7 9. Qe2 Qc7 10. b3 Bc6 11. c4 Nbd7 12. Bb2 O-O 13. Nd4 Rfe8 14. Nxc6
Qxc6 15. Nf3 Rad8 16. Rad1 Nc5 17. Bc2 Qb6 18. Ne5 Rxd1 19. Rxd1 Rd8 20. Rxd8+
Qxd8 21. g3 Ncd7 22. Qd3 Nxe5 23. Bxe5 Qxd3 24. Bxd3 Bc5 25. h3 Kf8 26. Kf1 Ke7
27. Bc3 b6 28. Ke2 a5 29. f4 h5 30. Be5 g6 31. Bc2 Nd7 32. Bb2 Nb8 33. Be4 Kd7
34. Bc1 Na6 35. a3 Nc7 36. Kd3 Ne8 37. g4 hxg4 38. hxg4 Nd6 39. Bf3 b5 40. cxb5
Nxb5 41. a4 Nd6 42. Bd2 Bb6 43. b4 axb4 44. Bxb4 Kc7 45. Bd1 Nb7 46. Ke4 Nc5+
47. Kf3 Kd6 48. a5 Ba7 49. Ba4 e5 50. Be8 Ke7 51. Bb5 Ke6 52. Bc4+ Kf6 53. Bc3
Bb8 54. a6 Ke7 55. Bxe5 Ba7 56. Bd4 f6 57. Be3 Bb6 58. Bd3 Kf7 59. Ke2 Ba7 60.
Bd4 Bb6 61. Bc4+ Ke7 62. Kd1 g5 63. f5 Ba7 64. Kc2 Bb6 65. Bd5 Nxa6 1/2-1/2

[Event "CAN-ch U20 inv."]
[Site "Toronto CAN"]
[Date "2018.08.12"]
[Round "8.5"]
[White "Zhu, Brandon"]
[Black "Hua, Eugene"]
[Result "0-1"]
[WhiteElo "2149"]
[BlackElo "2446"]
[PlyCount "128"]
[EventDate "2018.08.08"]
[EventType "tourn"]
[EventRounds "9"]
[EventCountry "CAN"]

1. d4 Nf6 2. c4 e6 3. g3 d5 4. Nf3 dxc4 5. Bg2 a6 6. Ne5 c5 7. Na3 cxd4 8.
Naxc4 Be7 9. Bd2 O-O 10. Ba5 Qe8 11. O-O Nbd7 12. Qxd4 Nxe5 13. Qxe5 Qb5 14.
Rfc1 Nd7 15. Qc3 Bf6 16. Qd2 Nc5 17. a4 Qd7 18. Nb6 Qxd2 19. Bxd2 Nb3 20. Nxa8
Nxd2 21. Rc2 Nb3 22. Ra3 Nd4 23. Rd2 e5 24. Nb6 Bg4 25. f3 Be6 26. Rc3 Bd8 27.
Nc4 Bxc4 28. Rxc4 Ba5 29. Rd1 Nxe2+ 30. Kf1 Nd4 31. f4 Nf5 32. Ke2 Nd4+ 33. Ke3
Bb6 34. fxe5 Nc2+ 35. Kf3 Ne3 36. Rdc1 Nxc4 37. Rxc4 Re8 38. Kf4 g5+ 39. Kf5
Re7 40. Rc8+ Kg7 41. Rb8 Bd4 42. Rxb7 Rxe5+ 43. Kg4 Kg6 44. h4 h5+ 45. Kh3 g4+
46. Kh2 Re1 47. Rb3 Re2 48. Rb4 Rd2 49. Rb3 Kf5 50. Rb7 f6 51. Rh7 Kg6 52. Rb7
Bxb2 53. Ra7 Be5 54. Rxa6 Re2 55. Rc6 Re3 56. a5 Bxg3+ 57. Kg1 Bxh4 58. a6 Ra3
59. Bf1 Bg5 60. Re6 Be3+ 61. Kg2 Kg5 62. Re8 h4 63. Be2 h3+ 64. Kh2 Bf4+ 0-1

[Event "CAN-ch U20 inv."]
[Site "Toronto CAN"]
[Date "2018.08.12"]
[Round "9.1"]
[White "Hua, Eugene"]
[Black "Qiao, Cindy"]
[Result "1-0"]
[WhiteElo "2446"]
[BlackElo "2016"]
[PlyCount "59"]
[EventDate "2018.08.08"]
[EventType "tourn"]
[EventRounds "9"]
[EventCountry "CAN"]

1. e4 c5 2. Nf3 d6 3. d4 cxd4 4. Qxd4 a6 5. h3 Nc6 6. Qe3 g6 7. c4 Bg7 8. Nc3
Nf6 9. Be2 O-O 10. O-O Nd7 11. Rb1 a5 12. Na4 Qc7 13. b3 b6 14. Bb2 Nc5 15.
Bxg7 Kxg7 16. Nc3 f5 17. Nd5 Qd8 18. e5 Be6 19. Nf4 dxe5 20. Nxe5 Nxe5 21.
Qxe5+ Rf6 22. Bf3 Ra7 23. Bd5 Bg8 24. Rbd1 Nd7 25. Bxg8 Qe8 26. Rxd7 Qxd7 27.
Bd5 Kh8 28. Qb8+ Kg7 29. Qg8+ Kh6 30. Ne6 1-0

[Event "CAN-ch U20 op"]
[Site "Toronto CAN"]
[Date "2018.08.08"]
[Round "1.1"]
[White "Xu, Jeffrey"]
[Black "Zheng, Kevin"]
[Result "0-1"]
[WhiteElo "2221"]
[BlackElo "1966"]
[PlyCount "96"]
[EventDate "2018.08.08"]
[EventType "swiss"]
[EventRounds "9"]
[EventCountry "CAN"]

1. e3 d5 2. d3 Nf6 3. Nf3 c5 4. Be2 e6 5. O-O b6 6. c4 Bb7 7. cxd5 Nxd5 8. Nbd2
Be7 9. a3 O-O 10. Qc2 Nc6 11. Rb1 Bf6 12. Ne4 Be7 13. Rd1 Rc8 14. Bd2 Nf6 15.
Nxf6+ Bxf6 16. Qa4 Qc7 17. b4 Ne5 18. Nxe5 Bxe5 19. h3 Bd6 20. bxc5 Bxc5 21. d4
Bd6 22. Rdc1 Bc6 23. Qb3 Qb7 24. Bf1 Be4 25. Ra1 e5 26. Bb4 Qe7 27. dxe5 Qxe5
28. Bxd6 Qxd6 29. Qa4 Qe7 30. Qd4 Rcd8 31. Qc3 Qg5 32. Rd1 Rc8 33. Qb4 Bf5 34.
h4 Qf6 35. Rac1 Rce8 36. Rd4 Rc8 37. Rxc8 Rxc8 38. Qb5 h6 39. Rf4 Rc5 40. Qe8+
Kh7 41. Qa4 Qg6 42. Rd4 Rc1 43. Qb5 Be4 44. g3 a6 45. Qd7 Bc6 46. Qh3 Bb5 47.
h5 Qf6 48. Rf4 Bxf1 0-1

[Event "CAN-ch U20 op"]
[Site "Toronto CAN"]
[Date "2018.08.08"]
[Round "1.2"]
[White "Ning, Eric"]
[Black "Zhao, Harry"]
[Result "0-1"]
[WhiteElo "1955"]
[BlackElo "2203"]
[PlyCount "72"]
[EventDate "2018.08.08"]
[EventType "swiss"]
[EventRounds "9"]
[EventCountry "CAN"]

1. d4 d5 2. c4 e6 3. cxd5 exd5 4. Nc3 Nf6 5. Bg5 Be7 6. e3 c6 7. Bd3 a5 8. Nge2
Na6 9. O-O O-O 10. f3 h6 11. Bh4 Re8 12. Bf2 c5 13. e4 cxd4 14. Nxd4 dxe4 15.
Nxe4 Nc5 16. Nxc5 Bxc5 17. Nb5 Qb6 18. Rc1 Bxf2+ 19. Rxf2 Rf8 20. Nd6 Be6 21.
Nc4 Qa7 22. b3 Rfd8 23. Qf1 Nd5 24. Kh1 Rac8 25. Rd2 Nf4 26. Nb2 Rxc1 27. Qxc1
Qe3 28. Qd1 g6 29. g3 Bd5 30. Be4 Bxe4 31. Rxd8+ Kh7 32. gxf4 Bxf3+ 33. Qxf3
Qxf3+ 34. Kg1 Qe3+ 35. Kf1 Qxf4+ 36. Ke1 Qh4+ 0-1

[Event "CAN-ch U20 op"]
[Site "Toronto CAN"]
[Date "2018.08.08"]
[Round "1.3"]
[White "Bremner, William"]
[Black "Ajith, Aayush"]
[Result "1-0"]
[WhiteElo "2198"]
[BlackElo "1934"]
[PlyCount "55"]
[EventDate "2018.08.08"]
[EventType "swiss"]
[EventRounds "9"]
[EventCountry "CAN"]

1. d4 Nf6 2. c4 g6 3. Nc3 d5 4. Nf3 Bg7 5. Bg5 Ne4 6. cxd5 Nxc3 7. bxc3 Qxd5 8.
e3 Bg4 9. Bh4 c5 10. Be2 Nc6 11. h3 Bf5 12. O-O O-O 13. Qb3 Qxb3 14. axb3 cxd4
15. Nxd4 Nxd4 16. cxd4 e6 17. Bf3 Bd3 18. Rfc1 e5 19. dxe5 Bxe5 20. Ra5 Bb2 21.
Rc7 b6 22. Raxa7 Rxa7 23. Rxa7 b5 24. Bd5 g5 25. Bxg5 Bg6 26. Bh6 Bg7 27. Bxg7
Kxg7 28. Ra8 1-0

[Event "CAN-ch U20 op"]
[Site "Toronto CAN"]
[Date "2018.08.08"]
[Round "1.4"]
[White "Huang, Youhe"]
[Black "Zhang, Henry"]
[Result "0-1"]
[WhiteElo "1909"]
[BlackElo "2194"]
[PlyCount "82"]
[EventDate "2018.08.08"]
[EventType "swiss"]
[EventRounds "9"]
[EventCountry "CAN"]

1. e4 c5 2. Nc3 Nc6 3. g3 g6 4. Bg2 Bg7 5. Nge2 d6 6. O-O e6 7. d3 Nge7 8. Be3
Nd4 9. f4 O-O 10. g4 Rb8 11. Ng3 f5 12. gxf5 exf5 13. Rb1 Be6 14. a3 b5 15.
Nce2 Nxe2+ 16. Qxe2 fxe4 17. Nxe4 Nf5 18. Ng5 Ba2 19. Bf2 Bxb1 20. Qe6+ Kh8 21.
Bd5 Qf6 22. Rxb1 Qxe6 23. Nxe6 Rfe8 24. b4 Nd4 25. Ng5 Ne2+ 26. Kf1 Nc3 27. Bb3
Nxb1 28. Nf7+ Kg8 29. Nxd6+ c4 30. dxc4 Nd2+ 31. Kg2 Nxb3 32. Nxe8 Rxe8 33.
cxb3 bxc4 34. bxc4 Rc8 35. c5 Bb2 36. a4 Ba3 37. Be1 a5 38. b5 Bxc5 39. Bxa5
Ra8 40. Bc7 Rxa4 41. b6 Rb4 0-1

[Event "CAN-ch U20 op"]
[Site "Toronto CAN"]
[Date "2018.08.08"]
[Round "1.5"]
[White "Li, William"]
[Black "James, Rowan"]
[Result "1-0"]
[WhiteElo "2192"]
[BlackElo "1904"]
[PlyCount "83"]
[EventDate "2018.08.08"]
[EventType "swiss"]
[EventRounds "9"]
[EventCountry "CAN"]

1. e4 e5 2. Nf3 Nc6 3. Bb5 a6 4. Ba4 Nf6 5. O-O Be7 6. Re1 b5 7. Bb3 O-O 8. c3
d6 9. h3 Na5 10. Bc2 c5 11. d4 Qc7 12. d5 Bd7 13. b3 c4 14. b4 Nb7 15. a4 a5
16. axb5 axb4 17. Rxa8 Rxa8 18. cxb4 Bxb5 19. Nc3 Be8 20. Be3 Nd8 21. Qb1 Qb7
22. Qb2 Nd7 23. Nd2 Rb8 24. Rb1 Nb6 25. Ra1 f5 26. f3 f4 27. Bf2 Nf7 28. Bd1
Bd8 29. Be2 Nc8 30. Rb1 Ba5 31. Nxc4 Bb6 32. Nxb6 Nxb6 33. Ra1 Ra8 34. Rxa8
Nxa8 35. Qa3 Nc7 36. Qa5 Nd8 37. Bb6 Nxd5 38. Qxd5+ Qxd5 39. Nxd5 Nc6 40. b5
Nd4 41. Bxd4 exd4 42. b6 1-0

[Event "CAN-ch U20 op"]
[Site "Toronto CAN"]
[Date "2018.08.08"]
[Round "1.6"]
[White "Singh, Malhar"]
[Black "Xu, Daniel"]
[Result "1-0"]
[WhiteElo "1825"]
[BlackElo "2095"]
[PlyCount "81"]
[EventDate "2018.08.08"]
[EventType "swiss"]
[EventRounds "9"]
[EventCountry "CAN"]

1. d4 Nf6 2. Bg5 Ne4 3. Bf4 d5 4. f3 Nf6 5. c4 c6 6. Nc3 e6 7. e4 dxc4 8. Bxc4
b5 9. Bb3 Bb7 10. Nge2 Nbd7 11. O-O a6 12. Be3 Rc8 13. e5 Nd5 14. Nxd5 cxd5 15.
f4 g6 16. f5 gxf5 17. Ng3 h5 18. Qd2 Be7 19. Bh6 Bf8 20. Bxf8 Nxf8 21. Bd1 Qh4
22. a4 Bc6 23. axb5 axb5 24. Rxf5 Qe7 25. Rxh5 Rg8 26. Rh6 Nd7 27. Nh5 Ra8 28.
Rxa8+ Bxa8 29. Qa5 Bc6 30. Nf6+ Nxf6 31. Rxf6 Qd7 32. Bh5 Rf8 33. Qd2 Qa7 34.
Rxe6+ Kd7 35. Rd6+ Kc7 36. Qc1 Qxd4+ 37. Kf1 Qb6 38. Bf3 f6 39. Qh6 Rf7 40.
Bxd5 fxe5+ 41. Bxf7 1-0

[Event "CAN-ch U20 op"]
[Site "Toronto CAN"]
[Date "2018.08.08"]
[Round "1.7"]
[White "Jiang, Brian"]
[Black "Adamo, Brendan"]
[Result "1-0"]
[WhiteElo "2094"]
[BlackElo "1821"]
[PlyCount "101"]
[EventDate "2018.08.08"]
[EventType "swiss"]
[EventRounds "9"]
[EventCountry "CAN"]

1. d4 Nf6 2. c4 g6 3. Nc3 Bg7 4. Nf3 d6 5. Bg5 h6 6. Bh4 O-O 7. e3 Nc6 8. d5
Nb4 9. a3 Na6 10. Qc2 Nc5 11. Nd2 a5 12. Be2 c6 13. O-O a4 14. f3 e5 15. Rad1
Qc7 16. Bf2 Bd7 17. e4 cxd5 18. cxd5 Rfc8 19. Rc1 Nh5 20. g3 Nf6 21. Be3 Kh7
22. g4 g5 23. Kg2 Ne8 24. Nd1 b6 25. Nc3 Qb7 26. Rh1 Kg8 27. Qb1 Bf8 28. h4 f6
29. hxg5 fxg5 30. Rh3 Kf7 31. Rch1 Kg6 32. R1h2 Nf6 33. Qh1 Ng8 34. Nf1 b5 35.
Ng3 b4 36. Nd1 bxa3 37. bxa3 Qb3 38. Nf5 Bxf5 39. gxf5+ Kf6 40. Rxh6+ Nxh6 41.
Rxh6+ Bxh6 42. Qxh6+ Kf7 43. Qg6+ Kf8 44. Bxg5 Qb7 45. Bh6+ Ke7 46. Qg7+ Ke8
47. Qg8+ Ke7 48. Qg7+ Ke8 49. Qg8+ Ke7 50. Bg5+ Kd7 51. Qf7# 1-0

[Event "CAN-ch U20 op"]
[Site "Toronto CAN"]
[Date "2018.08.08"]
[Round "1.8"]
[White "Liu, Harrison"]
[Black "Li, Eric M"]
[Result "0-1"]
[WhiteElo "1787"]
[BlackElo "2017"]
[PlyCount "44"]
[EventDate "2018.08.08"]
[EventType "swiss"]
[EventRounds "9"]
[EventCountry "CAN"]

1. e4 c5 2. Ne2 Nc6 3. d4 cxd4 4. Nxd4 Qb6 5. Nb3 Nf6 6. Nc3 e6 7. Be3 Qc7 8.
f3 Bb4 9. Qd2 d5 10. a3 Bxc3 11. Qxc3 e5 12. Bg5 d4 13. Qd2 Qe7 14. c3 Be6 15.
Bxf6 Qxf6 16. Nc5 O-O 17. Bb5 dxc3 18. Qxc3 Nd4 19. Ba4 Rac8 20. Qb4 Qh4+ 21.
Kf1 a5 22. Qc3 b6 0-1

[Event "CAN-ch U20 op"]
[Site "Toronto CAN"]
[Date "2018.08.08"]
[Round "1.9"]
[White "Zhong, Kevin"]
[Black "Laughlin, Braden"]
[Result "1-0"]
[WhiteElo "2016"]
[BlackElo "1761"]
[PlyCount "75"]
[EventDate "2018.08.08"]
[EventType "swiss"]
[EventRounds "9"]
[EventCountry "CAN"]

1. e4 c6 2. d4 d5 3. exd5 cxd5 4. c4 Nf6 5. Nc3 g6 6. Qb3 Bg7 7. cxd5 O-O 8.
Be2 Nbd7 9. Bf3 Nb6 10. a4 a5 11. Nge2 Bg4 12. Bxg4 Nxg4 13. O-O Rc8 14. Bf4
Nf6 15. d6 exd6 16. Nb5 Rc6 17. Rac1 Nc8 18. d5 Rxc1 19. Rxc1 Re8 20. Nec3 Qe7
21. h3 Nd7 22. Be3 Ne5 23. Ne2 Qf6 24. Nc7 Rf8 25. Qxb7 Nd3 26. Rc3 Nc5 27.
Bxc5 dxc5 28. Nb5 Qe5 29. Rc2 Qe4 30. Na3 Qxa4 31. Qc6 Qxc6 32. dxc6 Re8 33.
Kf1 Bf8 34. Nc4 a4 35. Nc3 Re6 36. c7 Kg7 37. Rd2 Ra6 38. Rd8 1-0

[Event "CAN-ch U20 op"]
[Site "Toronto CAN"]
[Date "2018.08.08"]
[Round "1.10"]
[White "Qiao, Joey"]
[Black "Zhao, Jeffrey Renfei"]
[Result "0-1"]
[WhiteElo "1742"]
[BlackElo "2002"]
[PlyCount "58"]
[EventDate "2018.08.08"]
[EventType "swiss"]
[EventRounds "9"]
[EventCountry "CAN"]

1. e4 e5 2. Nf3 Nc6 3. Bc4 Bc5 4. c3 Nf6 5. d3 a6 6. Bb3 Ba7 7. Nbd2 d6 8. h3
h6 9. O-O Be6 10. Bc2 Qd7 11. Kh2 g5 12. Ng1 O-O-O 13. b4 g4 14. a4 Rdg8 15.
Bb3 Bxf2 16. Bxe6 fxe6 17. Kh1 Bxg1 18. Rxg1 Rg6 19. Bb2 Rhg8 20. Qe2 Nh5 21.
Qe3 Qe7 22. d4 Qh4 23. dxe5 dxe5 24. c4 Nf4 25. Bxe5 Nxe5 26. Qxf4 Nd3 27. Nf3
Nf2+ 28. Kh2 g3+ 29. Qxg3 Qxg3# 0-1

[Event "CAN-ch U20 op"]
[Site "Toronto CAN"]
[Date "2018.08.09"]
[Round "2.1"]
[White "Zhao, Harry"]
[Black "Zhong, Kevin"]
[Result "1/2-1/2"]
[WhiteElo "2203"]
[BlackElo "2016"]
[PlyCount "96"]
[EventDate "2018.08.08"]
[EventType "swiss"]
[EventRounds "9"]
[EventCountry "CAN"]

1. d4 d5 2. Nf3 c5 3. e3 Nc6 4. dxc5 e6 5. a3 a5 6. c4 Bxc5 7. Nc3 Nf6 8. Qc2
dxc4 9. Bxc4 O-O 10. O-O Qe7 11. e4 e5 12. Bg5 Be6 13. Nd5 Bxd5 14. exd5 Nd4
15. Nxd4 Bxd4 16. Rac1 h6 17. Bh4 Rac8 18. Qb3 b6 19. Rc2 Qd6 20. Bxf6 Qxf6 21.
Ba6 Rc5 22. Rxc5 Bxc5 23. Qc4 Rd8 24. Qe4 Bd4 25. b3 Qd6 26. a4 Qxd5 27. Qxd5
Rxd5 28. Bc4 Rd6 29. Be2 Bc5 30. Rd1 Rxd1+ 31. Bxd1 f6 32. Kf1 Kf7 33. Ke2 Ke6
34. Bc2 f5 35. f3 g6 36. g4 Kf6 37. gxf5 gxf5 38. Bd3 Kg5 39. Bb5 Kf4 40. Bd7
e4 41. fxe4 fxe4 42. h3 Ke5 43. Be8 Kd4 44. Bf7 e3 45. Be6 Ke5 46. Bd7 Kd4 47.
Be6 Ke5 48. Bd7 Kd4 1/2-1/2